Case studies in decision analysis (Record no. 36783)

MARC details
000 -LEADER
fixed length control field 00561nam a2200157 a 4500
008 - FIXED-LENGTH DATA ELEMENTS--GENERAL INFORMATION
fixed length control field 120416s1976 ||||||||||||||||| || u
050 ## - LIBRARY OF CONGRESS CALL NUMBER
Classification number HD 20.5 Cas
100 ## - MAIN ENTRY--PERSONAL NAME
Personal name More, P. G
245 10 - TITLE STATEMENT
Title Case studies in decision analysis
Statement of responsibility, etc. More, P. G.[and others]
260 ## - PUBLICATION, DISTRIBUTION, ETC.
Place of publication, distribution, etc. Harmondsworth
Name of publisher, distributor, etc. Penguin
Date of publication, distribution, etc. [1976]
300 ## - PHYSICAL DESCRIPTION
Extent 165p. : ill.
350 ## - PRICE (NR) (BK AM CF MU VM SE) [OBSOLETE]
Price 0.00
650 #0 - SUBJECT ADDED ENTRY--TOPICAL TERM
Topical term or geographic name entry element MANAGEMENT
650 ## - SUBJECT ADDED ENTRY--TOPICAL TERM
Topical term or geographic name entry element DECISION ANALYSIS--MANAGEMENT
995 ## - RECOMMENDATION 995 [LOCAL, UNIMARC FRANCE]
-- 0.00
-- CBU-MAIN LIBRARY (Kitwe)
-- 1
-- 0.00
-- 1
-- DAMAGED
-- Main Library Open Access Collection
Holdings
Withdrawn status Lost status Source of classification or shelving scheme Damaged status Not for loan Home library Current library Shelving location Date acquired Total Checkouts Full call number Barcode Date last seen Price effective from Koha item type
          CBU-MAIN LIBRARY, KITWE. CBU-MAIN LIBRARY, KITWE.   11/30/2022   HD 20.5 Cas 003233 11/30/2022 11/30/2022 MONOGRAPH